• 首页
  • 本馆介绍
  • 公告通知
  • 最新文献
  • 馆藏检索
  • 电子资源
  • 读者导购
  • 参考咨询
  • 我的图书馆
  • 登录
  • 详细信息显示
  • 放入我的书架
  • 预约/预借图书
  • 作者相关作品
  • 分类相关作品
  • 丛书相关作品
  • 出版社相关作品

书目信息

  • 表格格式
  • 工作单格式
  • 卡片格式
题名:
法布尔昆虫记
    
 
作者: 高苏珊娜 编著 ;金成荣 , 李明淑 绘图
分册: 1   聪明的猎人——节腹泥蜂 手术专家——砂泥蜂
出版信息: 北京   北京科学技术出版社  2011.04
页数: 113页
开本: 25cm
丛书名:
单 册:
中图分类: Q96-49
科图分类:
主题词: 昆虫学--儿童读物 , 昆虫学
电子资源:
ISBN: 978-7-5304-5087-1
000 00995nam0 2200277 450
001 004900251
005 20130627093427.75
010    @a978-7-5304-5087-1@dCNY22.00
100    @a20120725d2011 cemy0chiy50 ea
101 1  @achi@ckor
102    @aCN@b110000
105    @aa z 000yy
106    @ar
200 1  @a法布尔昆虫记@9fa bu er kun chong ji@h1@i聪明的猎人——节腹泥蜂 手术专家——砂泥蜂@f(韩)高苏珊娜编著@g(韩)金成荣绘图@g李明淑翻译
210    @a北京@c北京科学技术出版社@d2011.04
215    @a113页@c图@d25cm
300    @a中国科学院张广学院士推荐阅读
330    @a本书用简洁的语言、可爱的彩图、活泼的故事情节描绘了法布尔原著中具有代表性的昆虫,本书讲述的昆虫是节腹泥蜂和砂泥蜂。
606 0  @a昆虫学@j儿童读物
606 0  @a昆虫学
690    @aQ96-49@v5
701  0 @c(韩)@a高苏珊娜@9gao su shan na@f(1970-)@4编著
702  0 @c(韩)@a金成荣@9jin cheng rong@4绘图
702  0 @a李明淑@9li ming shu@c(女)@4翻译
801  0 @aCN@bNLC@c20120725
905    @b546147-52@dQ96-49@e24@f6
    
    法布尔昆虫记.1.聪明的猎人——节腹泥蜂 手术专家——砂泥蜂/(韩)高苏珊娜编著/(韩)金成荣绘图/李明淑翻译.-北京:北京科学技术出版社,2011.04
    113页:图;25cm
    中国科学院张广学院士推荐阅读
    
    ISBN 978-7-5304-5087-1:CNY22.00
    本书用简洁的语言、可爱的彩图、活泼的故事情节描绘了法布尔原著中具有代表性的昆虫,本书讲述的昆虫是节腹泥蜂和砂泥蜂。
●
相关链接 在E读中查询图书 在五车中查询图书 在当当中查询图书 在豆瓣中查询图书


正题名:法布尔昆虫记     索取号:Q96-49/24         预约/预借

序号 登录号 条形码 馆藏地/架位号 状态 备注
1 546147   205461472   第二样本阅览室/ [索取号:Q96-49/24] 在馆    
2 546148   205461481   第三借阅区/ [索取号:Q96-49/24] 在馆    
3 546149   205461490   第三借阅区/ [索取号:Q96-49/24] 在馆    
4 546150   205461506   第三借阅区/ [索取号:Q96-49/24] 在馆    
5 546151   205461515   第三借阅区/ [索取号:Q96-49/24] 在馆    
6 546152   205461524   第三借阅区/ [索取号:Q96-49/24] 在馆    
唐山师范学院图书馆 欢迎您!
大连网信软件有限公司© 版权所有